[Event "BCF-chT2 2324 (4NCL)"]
[Site "England"]
[Date "2024.02.10"]
[Round "5.68"]
[White "McCarthy, Kevin"]
[Black "Frostick, Helen M"]
[Result "1-0"]
[WhiteElo "1972"]
[BlackElo "1851"]
[PlyCount "53"]
[EventDate "2023.11.11"]
[EventType "team-tourn"]
[EventRounds "11"]
[EventCountry "ENG"]
[SourceTitle "CB11_2024"]
[SourceDate "2024.03.13"]
[SourceVersion "1"]
[SourceVersionDate "2024.03.13"]
[SourceQuality "1"]
[WhiteTeam "The Sharks II"]
[BlackTeam "CSC/Kingston"]
[WhiteTeamCountry "ENG"]
[BlackTeamCountry "ENG"]

1. d4 Nf6 2. Nf3 d5 3. Bf4 g6 4. e3 Bg7 5. Bd3 0-0 6. Nbd2 b6 7. h3 c5 8. c3 Ba6 9. Bxa6 Nxa6 10. 0-0 Nc7 11. Ne5 Ne6 12. Bh2 Re8 13. f4 Nd7 14. f5 Ng5 15. Qg4 f6 16. fxg6 h6 17. Nxd7 e6 18. Nxf6+ Bxf6 19. h4 Ne4 20. Nxe4 dxe4 21. Qxe4 cxd4 22. exd4 Qe7 23. Rxf6 Qxf6 24. Rf1 Qxf1+ 25. Kxf1 Rf8+ 26. Kg1 Rad8 27. Qxe6+ 1-0

[Event "BCF-chT3Sb 1819 (4NCL)"]
[Site "England"]
[Date "2019.01.12"]
[Round "3.66"]
[White "Pozimski, Szymon"]
[Black "Frostick, Helen M"]
[Result "1-0"]
[WhiteElo "2014"]
[BlackElo "1979"]
[PlyCount "57"]
[EventDate "2018.11.17"]
[EventType "team-tourn"]
[EventRounds "7"]
[EventCountry "ENG"]
[SourceTitle "EXT 2021"]
[Source "ChessBase"]
[SourceDate "2020.10.23"]
[SourceVersion "1"]
[SourceVersionDate "2020.10.23"]
[SourceQuality "1"]
[WhiteTeam "Oxford II"]
[BlackTeam "CSC"]
[WhiteTeamCountry "ENG"]
[BlackTeamCountry "ENG"]

1. Nf3 d5 2. d4 Nf6 3. c4 e6 4. g3 Be7 5. Bg2 0-0 6. Nbd2 dxc4 7. Nxc4 c5 8. 0-0 Nc6 9. dxc5 Bxc5 10. a3 a5 11. Qc2 Qe7 12. Bf4 Nd5 13. Bd2 b5 14. Nce5 Nxe5 15. Nxe5 f6 16. Nc6 Qd6 17. Nxa5 Ba6 18. Nb3 Rac8 19. Nxc5 Rxc5 20. Qd1 Rfc8 21. Bb4 Qb6 22. Bxc5 Rxc5 23. Qd2 Bb7 24. Rac1 Rxc1 25. Rxc1 h6 26. e4 Ne7 27. Qd7 Nc6 28. Qxe6+ Kh7 29. e5 1-0